Normal view MARC view

Entry Personal Name

Number of records used in: 32

001 - CONTROL NUMBER

  • control field: 30273

003 - CONTROL NUMBER IDENTIFIER

  • control field: dpl

005 - DATE AND TIME OF LATEST TRANSACTION

  • control field: 20110728114350.0

008 - FIXED-LENGTH DATA ELEMENTS

  • fixed length control field: 110728|||a|||||| | ||| d

040 ## - CATALOGING SOURCE

  • Original cataloging agency: dpl
  • Transcribing agency: dpl

100 ## - HEADING--PERSONAL NAME

  • Personal name: कांबळे,चिंतामण

670 ## - SOURCE DATA FOUND

  • Source citation: Work cat.: (dpl): कांबळे,चिंतामण, अस्मितादर्शन :, 2003

670 ## - SOURCE DATA FOUND

  • Source citation: Work cat.: (dpl): कांबळे,चिंतामण, अस्मितादर्शन :, 2003

© Delhi Public Library
Hit Counter
free hit counter